000 00362nam a2200145Ia 4500
005 20260328104330.0
008 260328s9999||||xx |||||||||||||| ||und||
100 _aDescouturelle, Frédéric
245 0 _aGuimard Lärt Nouveau Du Métro /
_cFrédéric Descouturelle
250 _a1a ed.
260 _bRATP
300 _a231 p.
650 _aARTE
942 _cBK
999 _c11660
_d11660